| 000 | 01065nam a22002537a 4500 | ||
|---|---|---|---|
| 005 | 20170124103053.0 | ||
| 010 | _aB-043609 | ||
| 020 |
_c150.00 _a8176750131 |
||
| 035 | _aB-043609 | ||
| 037 | _bCen Lib/Ret | ||
| 040 |
_aDPL _bHN |
||
| 082 |
_aउ _bशुक्लवि |
||
| 100 |
_aशुक्ल, विनोदकुमार _99690 |
||
| 245 |
_aनौकर की कमीज / _cविनोदकुमार शुक्ल |
||
| 246 |
_aNaukar ki kameej / _bby Vinodkumar Shukla |
||
| 260 |
_aहरियाणा _bआधार प्रकाशन _c2000 |
||
| 270 |
_aएस. सी. एफ. 267, सेक्टर 16, पंचकुला _bहरियाणा _e134113 |
||
| 300 |
_a206पृ. _c21सेमी (सजिल्द) |
||
| 650 |
_aहिन्दी साहित्य _971078 |
||
| 650 |
_aहिन्दी साहित्य -- उपन्यास _946379 |
||
| 650 |
_aHindi literature _971079 |
||
| 650 |
_aHindi literature -- Novel _971080 |
||
| 942 |
_2ddc _cHN _hउ _mशुक्लवि |
||
| 999 |
_c117271 _d117271 |
||